| 000 | 00504nam a2200193 a 4500 | ||
|---|---|---|---|
| 005 | 20230518063754.0 | ||
| 008 | 991125s1972 lon 000 0 eng u | ||
| 020 | _a416602703 | ||
| 035 | _aUPN01000025937 | ||
| 049 | _aCG | ||
| 050 | 4 |
_aLB1053 _bJ4.3 |
|
| 100 | 1 | _aJensen, Arthur Robert | |
| 245 | 1 | 0 |
_aGenetics and education / _cArthur R. Jensen. |
| 260 |
_aLondon : _bMethuen, _c1972. |
||
| 300 | _a379 p. | ||
| 650 | 2 |
_aGenética _914893 |
|
| 650 | 4 |
_aPsicologĂa educativa _95197 |
|
| 905 | _aLibro | ||
| 999 |
_c25937 _d25937 |
||